Training for evangelism. (Record no. 10697)

000 -LEADER
fixed length control field 00628nam a2200193 a 4500
001 - CONTROL NUMBER
control field :::00008488$&:&@@
003 - CONTROL NUMBER IDENTIFIER
control field OkBaRHE
005 - DATE AND TIME OF LATEST TRANSACTION
control field 20000607103344.0
008 - FIXED-LENGTH DATA ELEMENTS--GENERAL INFORMATION
fixed length control field s1979 j 000 0 eng u
040 ## - CATALOGING SOURCE
Transcribing agency
100 1# - MAIN ENTRY--PERSONAL NAME
Personal name Sisson, Richard.
245 10 - TITLE STATEMENT
Title Training for evangelism.
260 ## - PUBLICATION, DISTRIBUTION, ETC. (IMPRINT)
Place of publication, distribution, etc Chicago, IL., :
Name of publisher, distributor, etc Moody Press
Date of publication, distribution, etc 1979
300 ## - PHYSICAL DESCRIPTION
Extent 204 p. ;
Dimensions 28 cm.
650 ## - SUBJECT ADDED ENTRY--TOPICAL TERM
Topical term or geographic name as entry element Evangelistic Work
942 ## - ADDED ENTRY ELEMENTS (KOHA)
Source of classification or shelving scheme
Koha item type Books
Copies
Not for loan Date last seen Shelving location Source of classification or shelving scheme Current Location Total Renewals Damaged status Price effective from Date checked out Permanent Location Lost status Barcode Withdrawn status Koha item type Full call number Total Checkouts Date acquired Copy number
 2010-04-14General Stacks    2010-04-14 RHEMA Bible Training College 15968 BooksBV 3790 .S56 2010-04-142
 2012-01-03General Stacks RHEMA Bible Training College5 2010-04-142011-10-13RHEMA Bible Training College 8488 BooksBV 3790 .S5612010-04-141